| 000 | 00634nam a22001697a 4500 | ||
|---|---|---|---|
| 999 |
_c15039 _d15039 |
||
| 003 | OSt | ||
| 082 | _2631.3 PRA/DE | ||
| 088 | _aT 42 | ||
| 100 |
_aPRAKASH K. V _92338 |
||
| 245 | _aDevelopment of a power tiller operated paddy transplanter for conventional seedlings | ||
| 260 |
_aTavanur 1995 _bKelappaji College of Agricultural Engineering and Technology |
||
| 300 | _a91 | ||
| 500 | _aDevelopment of a power tiller operated paddy transplanter for conventional seedlings | ||
| 520 | _aDevelopment of a power tiller operated paddy transplanter for conventional seedlings | ||
| 700 |
_aDr. M Sivaswami (Gudie) _92339 |
||
| 942 | _cTH | ||